Biblioteca

Los invictos (Registro nro. 67944)

Detalles MARC
000 -LÍDER
Campo fijo de descripción fija 01454nam a2200217 i 4500
001 - NÚMERO DE CONTROL
Campo de control 768714001
003 - IDENTIFICADOR DEL NÚMERO DE CONTROL
Campo de control CO-MdFUSB
005 - FECHA Y HORA DE LA ULTIMA TRANSACCIÓN
control field 20221125153142.0
008 - ELEMENTOS DE LONGITUD FIJA -- INFORMACIÓN GENERAL
Campo fijo de descripción fija -- Información general 220602t1984 ck |||| |||| 00| 0 spa d
040 ## - FUENTE DE CATALOGACIÓN
Idioma de catalogación spa
Agencia Catalogadora CO-MdFUSB
Agencia que realiza la transcripción CO-MdFUSB
Agencia que realiza la modificación CO-MdFUSBC
Modificador rda
100 ## - ASIENTO PRINCIPAL--NOMBRE PERSONAL
Nombre personal Faulkner, William,
Término relacionador autor
245 ## - TÍTULO
Título Los invictos
Mención de responsabilidad / William Faulkner
300 ## - DESCRIPCIÓN FÍSICA
Extensión volumen 3, (1984) páginas 500 -638
Dimensiones ; 22 cm
336 ## - TIPO DE CONTENIDO
Source rdacontent
337 ## - TIPO DE MEDIO
Source rdamedia
338 ## - TIPO DE SOPORTE
Source rdacarrier
520 ## - NOTA DE RESUMEN, ETC.
Nota de sumario, etc. Faulkner, en obras anteriores, ha jugado poderosamente con el tiempo, deliberadamente ha barajado el orden cronológico, deliberadamente multiplico los laberintos y los equívocos. Tanto lo hizo que no faltó quien asegurara que derivaba toda su virtud de esas involuciones. Esta novela -directa, irresistible, straightforward- viene a desbaratar esa sospecha. Faulkner no trata de explicar a sus personajes. Nos muestra lo que sienten, lo que obran. Los hechos son extraordinarios, pero su narración es tan vívida que no podemos concebirlos de otra manera. "Lo verdadero puede no parecer verosímil" ha dicho Boileau. Faulkner prodiga las inverosimilitudes para parecer verdadero -y lo consigue. Mejor dicho: el mundo que imagina es tan real, que también abarca lo inverosímil.
653 ## - TÉRMINO DE INDIZACIÓN - NO CONTROLADO
Término no controlado Literatura Norteamericana
773 0# - ASIENTO DE ITEM FUENTE
Biblionumber 67924
Itemnumber 81129
Asiento principal Oveja Negra,
Otro identificador del ítem 24692
Título Maestros de la literatura universal
Número de control del registro (CO-MdFUSB)768714001
International Standard Book Number 8482806718
942 ## - TIPO DE MATERIAL (KOHA)
Tipo de Item KOHA Libros General

No hay ítems disponibles.

Biblioteca FUSBC | Teléfono: (57+4) 349 88 10 Ext. 141| WhatsApp (+57) 3005338115 
E-mail: biblioteca@unisbc.edu.co | Calle 76 87-14 Robledo Palenque, Medellín, Colombia

Con tecnología Koha